RASRANTNASAMUCHAYA (Record no. 1183932)

MARC details
000 -LEADER
fixed length control field 00343nam a2200157Ia 4500
008 - FIXED-LENGTH DATA ELEMENTS--GENERAL INFORMATION
fixed length control field 240830s1905 xx 000 0 und d
041 ## - LANGUAGE CODE
Language code of text/sound track or separate title san
082 ## - DEWEY DECIMAL CLASSIFICATION NUMBER
Classification number 1
100 ## - MAIN ENTRY--PERSONAL NAME
Personal name APATE
245 ## - TITLE STATEMENT
Title RASRANTNASAMUCHAYA
250 ## - EDITION STATEMENT
Edition statement 1
260 ## - PUBLICATION, DISTRIBUTION, ETC.
Place of publication, distribution, etc. SANGAI
Name of publisher, distributor, etc. N.D.
Date of publication, distribution, etc. 1905
300 ## - PHYSICAL DESCRIPTION
Extent 100p
906 ## - LOCAL DATA ELEMENT F, LDF (RLIN)
a RASRANTNASAMUCHAYA

No items available.